Welcome to the Holygrace Academy Library

Please use search bar below to get started

THE ELEMENTS OF PHYSICS (Record no. 1447)

MARC details
000 -LEADER
fixed length control field 00407nam a22001697a 4500
020 ## - INTERNATIONAL STANDARD BOOK NUMBER
ISBN 0-19-566327-6
082 ## - DEWEY DECIMAL CLASSIFICATION NUMBER
Classification number 530
Item number GRA/E
100 ## - MAIN ENTRY--AUTHOR NAME
Personal name GRANT, I.S
100 ## - MAIN ENTRY--AUTHOR NAME
Personal name PHILLIPS, W.R
245 ## - TITLE STATEMENT
Title THE ELEMENTS OF PHYSICS
Remainder of title PHYSICS
246 ## - VARYING FORM OF TITLE
Title proper/short title THE ELEMENTS OF PHYSICS
Remainder of title PHYSICS
260 ## - PUBLICATION, DISTRIBUTION, ETC. (IMPRINT)
Place of publication DELHI
Name of publisher OXFORD UNIVERSITY PRESS
Year of publication 2001
300 ## - PHYSICAL DESCRIPTION
Number of Pages 835
520 ## - SUMMARY, ETC.
Summary, etc PHYSICS
650 ## - SUBJECT ADDED ENTRY--TOPICAL TERM
Topical Term PHYSICS
942 ## - ADDED ENTRY ELEMENTS (KOHA)
Koha item type Books
Holdings
Withdrawn status Lost status Collection code Home library Current library Shelving location Date acquired Source of acquisition Cost, normal purchase price Full call number Accession Number Koha item type
    Reference Main Library Main Library SHELF-5C REFERENCE PHYSICS 10/10/2006 Purchase 395.00 530 GRA/E 02830 Books